Sports Quiz

Random Sports or Hockey Quiz
Score 0/47 Timer 06:00
0 Plays Today
Date Player % Correct
October 10, 2002John LeClair
88.5%
October 9, 1971Bobby Clarke
86.5%
October 9, 1975Bobby Clarke
86.5%
October 12, 1978Bobby Clarke
86.5%
January 19, 2013Claude Giroux
82.7%
October 2, 2009Jeff Carter
80.8%
October 5, 2005Simon Gagne
78.8%
October 13, 1977Bill Barber
76.9%
October 9, 1980Bill Barber
76.9%
October 9, 1981Bill Barber
76.9%
October 7, 1982Bill Barber
76.9%
October 9, 1999 (3)Mark Recchi
76.9%
October 9, 2003Mark Recchi
76.9%
October 5, 1993Rod Brind'Amour
65.4%
January 21, 1995Rod Brind'Amour
65.4%
October 11, 2008Scott Hartnell
65.4%
October 11, 1979Rick MacLeish
63.5%
October 6, 1983Rick MacLeish
63.5%
October 2, 2013Brayden Schenn
61.5%
October 6, 1988Rick Tocchet
57.7%
October 4, 1990Rick Tocchet
57.7%
October 8, 2014Sean Couturier
57.1%
October 4, 2007Danny Briere
55.8%
October 7, 2010Danny Briere
55.8%
Date Player % Correct
October 6, 2011Jakub Voracek
51.9%
October 10, 1970Gary Dornhoefer
50%
October 9, 1976 (2)Gary Dornhoefer
50%
October 7, 2006 (2)Peter Forsberg
48.1%
October 11, 1984Ilkka Sinisalo
44.2%
October 10, 1985Ilkka Sinisalo
44.2%
October 8, 1987Ilkka Sinisalo
44.2%
October 10, 1974Tom Bladon
34.6%
October 7, 1972Bill Flett
30.8%
October 9, 1986Ron Sutter
30.8%
October 6, 1992Brent Fedyk
30.8%
October 5, 2000Justin Williams
30.8%
October 5, 1996Dainius Zubrus
25%
October 4, 1991Mike Ricci
21.2%
October 4, 1989Mike Bullard
19.2%
October 1, 1997Chris Gratton
19.2%
October 11, 1973Terry Crisp
17.3%
October 11, 1967Bill Sutherland
15.4%
October 9, 1998Alexandre Daigle
15.4%
October 7, 1995Patrik Juhlin
11.5%
October 15, 1969 (2)Wayne Hillman
7.7%
October 4, 2001Eric Weinrich
7.7%
October 13, 1968Rosaire Paiement
5.8%
Remove Ads.
Support Sporcle.
Get the best of Sporcle when you Go Orange. This ad-free experience offers more features, more stats, and more fun while also helping to support Sporcle. Thank you for becoming a member.

You're not logged in!

Compare scores with friends on all Sporcle quizzes.
OR
Log In

Show Comments

Extras

Top Quizzes Today


Score Distribution

Your Account Isn't Verified!

In order to create a playlist on Sporcle, you need to verify the email address you used during registration. Go to your Sporcle Settings to finish the process.

Report this User

Report this user for behavior that violates our Community Guidelines.

Details: